[Event "Metalska Trgovina CC 90"]
[Site "Ljubljana"]
[Date "2002.01.19"]
[Round "1"]
[White "Sveshnikov, Evgeny"]
[Black "Jelen, Igor"]
[Result "1-0"]
[WhiteElo "2565"]
[BlackElo "2374"]
[Annotator "Bangiev,A"]
[PlyCount "53"]
[EventDate "2002.01.19"]
[EventType "tourn"]
[EventRounds "11"]
[EventCountry "SLO"]
[EventCategory "11"]
[SourceTitle "CBM 088"]
[Source "ChessBase"]
[SourceDate "2002.03.21"]
[SourceVersion "1"]
[SourceVersionDate "2002.03.21"]
[SourceQuality "1"]

1. e4 c5 2. f4 d5 3. Nc3 dxe4 4. Nxe4 e6 5. Nf3 Nd7 6. g3 Be7 7. Bg2 Ngf6 8.
Nf2 Rb8 9. b3 Qc7 10. Bb2 b6 11. Qe2 Bb7 12. O-O O-O 13. c4 a6 14. Rae1 Rfe8
15. Nd3 $1 {Ein typischer Zug für derartigen Positionen. Es ist wichtig für
Weiß den Vorstoß e5 zu verhindern und das Feld e5 besetzen zu können.} b5 16.
Nde5 {Es ist dem Weißen gelungen das Feld e5 zu besetzen. Das Springeropfer
auf f7 ist damit geplant.} bxc4 $6 (16... Bd6 {Dies sollte den Pe6 schützen
und damit das Springeropfer auf f7 verhindern.} 17. Ng5 Bxg2 18. Qxg2 bxc4 19.
Nexf7 cxb3 20. Be5 Bxe5 21. fxe5 bxa2 22. exf6 Nxf6 23. d3) (16... Nb6 17. Nxf7
$1 Kxf7 18. Qxe6+ Kf8 19. Ng5 Bd6 20. Bxf6 $1 gxf6 (20... Rxe6 21. Nxe6+ $18)
21. Qxf6+ Kg8 22. Bxb7 $18) 17. Nxf7 (17. Ng5 $6 Bxg2 18. Qxg2 cxb3 $17) (17.
Nxc4 $5 $14 {Dies sollte ein klares Plus (die optimale Figurenaufstellung) für
Weiß sichern.}) 17... Bxf3 $6 {Ein offenbar Beurteilungsfehler.} (17... cxb3 $1
18. Qxe6 (18. N7g5 Bd5 19. Nxe6 Qb6 $17) (18. N3g5 c4 $17) 18... Bd5 {Dies
soll den Ausgleich sichern.} 19. Nh6+ Kh8 20. Nf7+ (20. Qxe7 Rxe7 21. Rxe7 c4
$17) 20... Kg8 21. Nh6+ Kh8 $11) (17... Kxf7 $4 18. Qxe6+ Kf8 (18... Kg6 19.
f5+ $18) 19. Ng5 $18) (17... Bd5 18. Be5 Nxe5 19. fxe5 $36) 18. Qxe6 Bh5 19.
Nd6+ Kf8 20. Nxe8 Rxe8 21. Qxc4 $16 {Weiß steht mit zwei Bauern und einem Turm
gegen zwei Leichtfiguren steht dank seiner harmonischen Entwicklung und
sicheren Kontrolle über das Zentrum klar besser.} Bf7 $6 (21... Qd6 $16) 22.
Qxa6 c4 23. Ba3 cxb3 24. Rxe7 $1 $18 {[%mdl 64] Motiv: Fesselung} Rxe7 25. axb3
Bxb3 (25... Nc5 26. Qa8+ Re8 27. Qc6) 26. Rc1 Bc2 27. Bd6 1-0

[Event "Kemerovo1"]
[Site "Kemerovo"]
[Date "1995.??.??"]
[Round "10"]
[White "Sveshnikov, Evgeny"]
[Black "Aseev, Konstantin N"]
[Result "1/2-1/2"]
[WhiteElo "2580"]
[BlackElo "2530"]
[Annotator "Bangiev,A"]
[PlyCount "73"]
[EventDate "1995.08.??"]
[EventType "tourn"]
[EventRounds "11"]
[EventCountry "RUS"]
[EventCategory "12"]
[SourceTitle "CBM 050"]
[Source "ChessBase"]
[SourceDate "1996.02.01"]
[SourceVersion "1"]
[SourceVersionDate "1996.02.01"]
[SourceQuality "1"]

1. e4 c5 2. f4 d5 3. exd5 Nf6 4. Bb5+ Bd7 5. Bxd7+ Qxd7 6. c4 e6 7. Qe2 Bd6 8.
d3 O-O 9. dxe6 Qxe6 10. Qxe6 fxe6 11. Nf3 (11. Nc3 $5 Nc6 (11... Nfd7 12. Nge2
Nc6 13. O-O $14) 12. Nge2 $5 (12. Nf3 Nd7 $5 (12... Nb4 13. Ke2) 13. g3 e5 14.
Ne4 Bc7 15. Nxe5 Ndxe5 16. fxe5 $14) 12... Rad8 (12... Nb4 13. Kd2 Rad8 14. a3
$14) 13. a3 Bc7 14. Be3 Rxd3 15. Bxc5 Rf7 16. O-O $6 (16. Rd1 Rxd1+ 17. Kxd1
Nd7 18. Be3 $14) 16... Nd7 17. Bf2 Bxf4 {1/2-1/2 Zollbrecht,J-Raedeker,B/BL2-S
8889 1989}) 11... Nfd7 (11... Nc6 12. a3 Nh5 13. Nc3 Bxf4 14. O-O Rad8 15. Ne4
b6 16. Nf2 Ne5 17. Ng5 Nxd3 18. Nxe6 Nxc1 19. Raxc1 Bxc1 20. Nxd8 Be3 21. Ne6
Rf6 22. Nc7 Nf4 23. Nd5 Nxd5 24. cxd5 Kf7 25. g3 Rxf2 26. Rxf2+ Ke7 27. Kf1
Bxf2 28. Kxf2 Kd6 29. Ke3 Kxd5 30. Kd3 b5 31. b3 c4+ 32. bxc4+ bxc4+ 33. Kc3
Kc5 {0-1 Keprt-Hajek,M/CSR 1989}) 12. O-O (12. g3 $5 e5 $1 13. O-O (13. f5 $6
Rxf5 14. O-O Nc6 15. Nc3 Raf8 $36) (13. Nxe5 Bxe5 14. fxe5 Nxe5 15. Ke2 Nbc6
$36) 13... exf4 14. gxf4 Bxf4 15. Bxf4 Rxf4 16. Nc3 Nc6 17. Nd5 $132) 12...
Bxf4 13. Bxf4 Rxf4 14. Re1 {[%csl Re6]} Rf6 (14... Nf8 15. Ne5 Rd4 16. Nc3 (16.
Nd2 Nbd7 17. Ndf3 Rd6 $10) 16... Nbd7 17. Nb5 $36 Nxe5 18. Nxd4 Nxd3 19. Re3
cxd4 20. Rxd3 e5 21. Re1 $14) 15. d4 (15. Nc3 $5 Nc6 16. Re4 $5 Raf8 17. Rae1 {
[%csl Re6]} Nb4 $132 {[%csl Rd3]} (17... Nd4 $6 {[%cal Rf6f1]} 18. Nxd4 $8 cxd4
19. Rxd4 Ne5 $5 20. Ne4 $5 Rf4 (20... Rg6 21. Ng3 $16 {[%csl Re5]}) 21. Rd6 $16
)) 15... Nc6 $1 (15... cxd4 16. Nxd4 e5 {[%csl Yd5]} 17. Nf3 {[%csl Yd5,Ye4,
Re5]} Nc6 18. Nc3 $14) 16. dxc5 (16. d5 $2 exd5 17. cxd5 Nb4 $17) 16... Nxc5
17. Nc3 {[%csl Ye4,Ye5]} Nd3 $5 {[%csl Yf4,Rb2,Re1]} 18. Re2 Raf8 $36 {[%csl
Yf4,Yg2,Rf3] Weiß versucht die durch die offene f-Linie erzielte
Positionüberlegenheit für Operationen gegen weißen König nutzen. Ein
Angriffsobjekt ist nun den Punkt g2, um die Blockadefigur-den Springer f3 zu
beseitigen.} 19. Rd1 {[%cal Rd1d7]} Nf4 {[%csl Re2,Rg2]} 20. Re3 (20. Re4 $2
Nxg2 21. Kxg2 Rxf3 $17) 20... Nh3+ $5 21. gxh3 Rxf3 22. Rxe6 (22. Rxf3 $2 Rxf3
$17) 22... Rxh3 23. Nd5 (23. Rd7 $6 Rh4 24. Ne4 Rg4+ 25. Ng3 Rxc4 $36) 23...
Rh4 {[%csl Yg4,Rc4]} 24. Ne3 {[%csl Gc4,Gg4]} (24. b3 $6 Rg4+ 25. Kh1 Rf2 $36)
24... Nd4 {[%csl Yh2,Re2,Rf3]} (24... Rh5 $6 25. Rd5 $5) 25. Re7 Nf3+ {[%csl
Rh2]} 26. Kg2 Rxh2+ 27. Kg3 Rh6 $1 $36 {[%csl Yg6]} (27... Re2 28. Rdd7 Ng5 29.
Rxg7+ Kh8 30. Rxg5 Rxe3+ $10) (27... Rd2 28. Rxd2 Nxd2 29. Kg2 Rf7 30. Re8+ Rf8
31. Re7 $10) (27... Rxb2 $2 28. Rdd7 $16 {[%csl Rb7,Rg7,Rh7]}) 28. Rd5 {
[%csl Yf5]} Rg6+ 29. Kf2 Nd4+ {[%csl Ye2,Yf5]} 30. Ke1 Re6 (30... Nc6 $5 31.
Rxb7 Re6 32. Rd3 (32. Ke2 Rfe8 33. Rd3 Ne5 34. Rc3 Nxc4 35. Rxc4 Rxe3+ 36. Kd2
R3e7 37. Rcc7 Rxc7 38. Rxc7 Ra8 $17) (32. Kd2 $2 Rf2+ $17) 32... Rf3 $5 (32...
Ne5 33. Rc3 Ng4 (33... Nxc4 34. Rxc4 Rxe3+ 35. Kd2 $10) (33... Rfe8 34. Kd1 $13
) 34. Rbb3 (34. Ke2 Rf2+ 35. Ke1 Rf3 $19) 34... Rc8 (34... Rfe8 35. Ke2 Nxe3
36. Rxe3 Rxe3+ 37. Rxe3 Rxe3+ 38. Kxe3 Kf7 39. Kf4 $10) 35. Ke2 Nxe3 36. Rxe3
Rxe3+ 37. Kxe3 Rxc4 38. Rb8+ Kf7 39. Rb7+ $10) (32... Rfe8 33. Kd2 $5 (33. Ke2
Ne5 34. Rc3 Nxc4 35. Rxc4 Rxe3+ $17) 33... Ne5 {[%csl Re3,Rf3]} 34. Rc3 Nf3+
35. Ke2 $14) 33. Ke2 (33. Kd2 h5 $5) 33... Rh3 34. b4 h5 $36) 31. Rdd7 $1 Rxe3+
32. Rxe3 Nc2+ 33. Ke2 Nxe3 34. Kxe3 Rf7 35. Rd8+ Rf8 36. Rd7 Rf7 37. Rd8+
1/2-1/2

[Event "EU-ch 4th"]
[Site "Istanbul"]
[Date "2003.06.05"]
[Round "6"]
[White "Minasian, Artashes"]
[Black "Ftacnik, Lubomir"]
[Result "0-1"]
[WhiteElo "2555"]
[BlackElo "2611"]
[Annotator "Bangiev,A"]
[PlyCount "126"]
[EventDate "2003.05.30"]
[EventType "swiss"]
[EventRounds "13"]
[EventCountry "TUR"]
[SourceTitle "CBM 096"]
[Source "ChessBase"]
[SourceDate "2003.09.25"]
[SourceVersion "1"]
[SourceVersionDate "2003.09.25"]
[SourceQuality "1"]

1. e4 c5 2. f4 g6 3. Nf3 Bg7 4. Bc4 Nc6 5. O-O e6 6. d3 {Weiß möchte offenbar
6.Nc3 (mit der Absicht 6...d5 zu verhindern) und damit die Hauptvariante
vermeiden.} d5 $1 {Schwarz reagiert energisch.} (6... Nge7 7. c3 O-O 8. Qe1 d6
9. Bb3 Bd7 10. Nbd2 d5 11. e5 Rc8 12. Qh4 Nf5 13. Qh3 Qb6 14. Kh1 Na5 15. Re1
Nxb3 16. Nxb3 {1/2-1/2 Sanchez,C-Linares,O/CUB 1999/(45)}) 7. Bb5 Nge7 8. c4 {
Ein neuer Plan. Die Idee besteht darin die Bauernschwäche auf c5 festzulegen
und im Weiteren anzugreifen.} dxe4 {Die Öffnung der d-Linie ist aus schwarzer
Sicht nicht richtig begründet. Weiß bekommt die besseren Chancen die d-Linie
zu beherrschen.} (8... a6 9. Ba4) (8... O-O $142) 9. dxe4 Qxd1 10. Rxd1 Bd7 11.
Nc3 a6 12. Ba4 O-O-O 13. Be3 {Der neue Plan hat seine Wirkung gezeigt. Die
Initiative gehört klar dem Anziehenden.} b6 14. Ng5 (14. Rd6 $5) 14... Bxc3 $1
{[%mdl 32] Ein wichtiger Zug, damit hat Schwarz die Initiative ergriffen.
Seine tiefdurchdachte strategische Idee besteht in folgendem: Er schwächt vor
allem die weiße Bauernstruktur am Damenflügel endgültig, man beachte z.B. die
Bauernschwäche auf c4, kann die weißen Felder im Lager des Weißen weiter
schwächen, z.B. Ba4 oder Pe4 zu tauschen. Dies stellt aber auch eine riskante
Entscheidung dar, die schwarzen Felder im weißen Lager dadurch sind erheblich
geschwächt. Das weitere Geschen ist davon abhängig, wem es gelingt schneller
die gegnerischen Schwächen auszunutzen. Schwarz soll bestrebt sein die weißen
Felder weiter zu schwächen, d.h. die weißen Steine zu tauschen, die die weißen
Felder verteidigen sollen. Weiß also ungekehrt.} 15. bxc3 Be8 {/\h6} 16. e5 {
Dies soll festlegen; Weiß möchte möglichst schnell die schwarzfeldrigen
Schwächen zu besetzen. /\Ne4-d6} Rxd1+ (16... h6 $6 17. Ne4) 17. Rxd1 Na5 $1
18. Bxe8 {Der Anziehende ist nicht mehr in der Lage die weißen Felder zu
verteidigen. Es soll dem Nachziehenden ermöglichen den beiden Springern auf
den weißen Feldern vorteilhaft zu platzieren. Weiß bekommt aber im Gegensatz
einen entfernten Freibauern.} (18. Bb3 $142 Nf5 19. Bf2 h6 20. Ne4 Bc6 $132)
18... Rxe8 19. Nxh7 $1 {[%mdl 4096] Dies ist besser als 19.Nf7: Weiß ist damit
bestrebt den h-Freibauern zu bilden.} (19. Nxf7 Nxc4 20. Bc1 Nd5 21. Rd3) 19...
Nxc4 20. Bc1 Rd8 21. Rxd8+ Kxd8 22. Nf6 Nd5 23. Ne4 Ke7 24. Kf2 {Die kritische
Stellung. Es ist dem Weißen gelungen, die beiden zentral platzieren schwarzen
Springer zu blockieren. Er droht nun den h-Bauern in Marsch zu setzen.} f5 $1
25. exf6+ Nxf6 {[%mdl 32] Schwarz verfolgt damit seine Strategie, nämlich die
weißen Steine die die weißen verteidigen könnten abzutauschen.} 26. Kf3 Nxe4
27. Kxe4 b5 28. g4 a5 29. Kd3 a4 30. h4 Kf6 31. a3 Kf7 32. Ke4 Ke7 33. f5 $6 {
Hat Weiß seine Chancen überschätzt, oder was übersehen?} (33. Kd3 Kf6 34. Ke4
$11) (33. h5 $5 gxh5 34. gxh5 Kf7 35. Kf3 Kg7 36. Ke4 Kf7 $11) 33... gxf5+ 34.
gxf5 Nd6+ 35. Ke5 Nxf5 36. h5 Nd6 37. Bg5+ Kd7 38. Bc1 Ke7 39. Bg5+ Kd7 40. Be3
$2 (40. Bc1 $11) 40... Nc4+ 41. Kf4 b4 42. cxb4 cxb4 43. h6 (43. axb4 a3 $19) (
43. Bc1 e5+ (43... bxa3 44. Bxa3 Ke8 45. Bb4 a3 46. Bxa3 $11) 44. Kg5 bxa3 45.
Bxa3 Ke6 46. Kg6 e4 47. h6 Ne5+ 48. Kh5 Nf7 $19) 43... e5+ $1 44. Kf5 bxa3 45.
h7 Nxe3+ 46. Ke4 a2 47. h8=Q a1=Q $19 48. Qg7+ Kc6 49. Qh6+ Kc5 50. Qf8+ Kc4
51. Qc8+ Kb3 52. Qb8+ Kc2 53. Kxe3 Qd4+ 54. Ke2 a3 55. Qc7+ Kb1 56. Ke1 Qb4+
57. Kd1 Qb3+ 58. Kd2 e4 59. Qc1+ Ka2 60. Qc6 e3+ 61. Ke2 Kb1 62. Qh1+ Kb2 63.
Qc6 Qc2+ 0-1

[Event "EU-ch 4th"]
[Site "Istanbul"]
[Date "2003.06.08"]
[Round "9"]
[White "Tiviakov, Sergei"]
[Black "Kurnosov, Igor"]
[Result "1-0"]
[WhiteElo "2623"]
[BlackElo "2500"]
[Annotator "Bangiev,A"]
[PlyCount "91"]
[EventDate "2003.05.30"]
[EventType "swiss"]
[EventRounds "13"]
[EventCountry "TUR"]
[SourceTitle "CBM 096"]
[Source "ChessBase"]
[SourceDate "2003.09.25"]
[SourceVersion "1"]
[SourceVersionDate "2003.09.25"]
[SourceQuality "1"]

1. e4 c5 2. Nc3 e6 3. f4 d5 4. Nf3 dxe4 5. Nxe4 Nd7 6. g3 Ngf6 (6... Be7 7. Bg2
Ngf6 8. Nf2 Rb8 9. b3 Qc7 10. Bb2 b6 11. Qe2 Bb7 12. O-O O-O 13. c4 a6 14. Rae1
{1-0 Sveshnikov,E-Jelen,I/Ljubljana 2002/(27)}) 7. Nxf6+ Nxf6 8. Bg2 Be7 9. b3
(9. O-O O-O 10. b3 Qb6 11. c4 Bd7 12. Ne5 Bc6 13. Nxc6 bxc6 14. Bb2 Nd7 {
1/2-1/2 Al Sayed,M-Hussien,A/Dubai 1998/(37)}) 9... O-O 10. Bb2 Bd7 (10... Qc7
11. O-O b6 12. f5 exf5 13. Nh4 Rb8 14. Nxf5 Bxf5 15. Rxf5 Rbd8 16. d3 Ne8 17.
Qg4 Qd7 18. Raf1 Bf6 {1/2-1/2 Tiviakov,S-Cherniaev,A/Catalan Bay 2003/(23)})
11. Ne5 {Ein typischer für derartigen Stellungen Zug. Weiß möchte Bc6 zu
verhindern.} (11. O-O Bc6) 11... Qc7 12. Qf3 Rab8 13. O-O {Eine sehr
interessante Stellung ist entstanden. Weiß verfügt hier über einen
beachtlichen Raumvorteil und eine aktive Figurenaufstellung. Die schwarze
Stellung ist aber sehr stabil, schwächenfrei, sogar hat er die aktiven Chancen
im Zentrum, auf der d-Linie. Weiß soll bestrebt sein, seine Initiative am
Königsflügel zu entwickeln, Schwarz - im Zentrum und am Damenflügel.} Bb5 (
13... b5 $5 14. Rae1 c4 $13) 14. c4 Ba6 {Eine verdächtige Idee: Die Entfernung
des Läufer vom Königsflügel soll die weißen Felder dort schwächen.} 15. f5 $5 {
[%mdl 32] Weiß versucht gerade diesen Umstand ausnutzen, nämlich die weißen
Felder am Königsflügel zu schwächen. Dies stellt hier und im weiteren das
Hauptmotiv der weißen Strategie dar.} exf5 16. Qxf5 Rbd8 17. Rf2 (17. d3 {
Warum nicht 17.d3?! In derartigen Positionen kann das Feld durch eine weiße
Figur besetz sein, z.B. durch Nd3. Weiß versucht möglich lange dieses Feld
frei zu halten.}) 17... Rd6 18. g4 {Mit der Idee g5 gefolgt von Bd5 mit dem
Druck auf die weißen Felder} h6 19. h4 b6 {/\Bc8} 20. Raf1 (20. g5 hxg5 21.
hxg5 Bc8 $1) 20... Bc8 21. Qf4 Be6 {Der weißfeldrige Läufer ist wieder da.
Eine gute Alternative wäre die Verdoppellung auf der e-Linie.} 22. g5 {Weiß
hält trotzdem an seiner Idee fest.} hxg5 23. hxg5 Nh7 24. Nf3 Qd8 25. Qe5 f6
26. Qe4 {Die letzten Züge waren zwangläufig.} Re8 27. Bc3 $1 {Der Bauer d2
stützt den Läufer c3! Noch ein vorteilhaftes Motiv, bzw. ein Grund für Weiß
den d-Bauern auf d2 zu halten. Dadurch bleibt die d-Linie für Schwarz
geschlossen.} Qd7 28. g6 Nf8 29. Nh4 Bd8 30. Re2 Re7 31. Qf3 Rd3 32. Qh5 $1 Bc7
33. Nf5 $1 {Es ist dem Weißen eine aussichtreiche Figurenumgruppierung
gelungen.} Bxf5 34. Rxe7 Qxe7 35. Qxf5 {Nun sind die weißen Felder im Lager
des Schwarzen schutzlos. /\Bd5} Rg3 (35... Qd6 36. Be5 $1 (36. Bd5+ Rxd5 37.
Qxd5+ Qxd5 38. cxd5 $14) 36... Qxe5 37. Qxd3 Qh2+ 38. Kf2 $16) 36. Kf2 Nd7 $2 (
36... Rxg2+ $8) 37. Qd5+ Kf8 38. Rh1 Rxg2+ 39. Qxg2 Qe6 40. Qd5 Qxd5 41. cxd5
Bf4 42. Kf3 Bg5 43. Ke4 Ke7 44. Rh7 Bh6 45. Kf5 b5 46. d6+ 1-0

[Event "Asia-ch"]
[Site "Kolkata"]
[Date "2001.08.10"]
[Round "2"]
[White "Antonio, Rogelio Jr"]
[Black "Ghorbani, Mohsen"]
[Result "1-0"]
[WhiteElo "2535"]
[BlackElo "2334"]
[Annotator "Bangiev,A"]
[PlyCount "59"]
[EventDate "2001.08.09"]
[EventType "swiss"]
[EventRounds "11"]
[EventCountry "IND"]
[SourceTitle "CBM 085"]
[Source "ChessBase"]
[SourceDate "2001.11.13"]
[SourceVersion "1"]
[SourceVersionDate "2001.11.13"]
[SourceQuality "1"]

1. e4 c5 2. f4 Nc6 3. Nf3 g6 4. Bb5 Bg7 5. Bxc6 bxc6 6. d3 {Der strategische
Plan des Anziehenden besteht in Schwächung der schwarzen Felder im Lager des
Schwarzen, u.a. e5.} d6 7. O-O Nh6 8. Qe1 {Der Plan von Weiß besteht in
Vorbereitung des Vorstoßes f4-f5.} f5 {Ein typisches für derartigen Stellungen
Verfahren: Schwarz verhindert den Vorstoß f5, schwächt die weißen Felder,
versucht dadurch seinen Läufer c8 ins Spiel zu bringen.} 9. e5 O-O 10. Bd2 $5 {
Ein neuer Plan, Weiß verstärkt damit den Druck auf den schwarzen Feldern. Die
übliche Fortsetzung ist hier 10.Nc3} Qc7 (10... Rb8 $5 11. b3 Nf7) (10... d5 $6
{schwächt entgültig den Pc5.} 11. Ba5 Qd7 12. Qc3 {/\Nbd2-b3 ->Pc5}) 11. Ba5
Qb8 12. Bc3 Nf7 {wie üblich in dieser Variante, strebt Schwarz danach, den
Springer f7 über die Felder d8, e6 auf d4 zu plazieren.} 13. Nbd2 Qc7 (13...
Nd8 $6 14. exd6 exd6 15. Bxg7 Kxg7 16. Qe7+ Nf7 17. Ng5 $36) 14. Kh1 (14. Qh4
$5 dxe5 15. fxe5 Nxe5 16. Rae1 Nxf3+ 17. Nxf3 $14) 14... Nd8 15. Qh4 Ne6 16.
exd6 (16. Nb3 $5 {/\Rae1 mit dem Druck auf der e-Linie}) 16... exd6 17. Bxg7
Qxg7 18. b3 {Es dem Weißen gelungen die schwarzen Felder u.a. d6,e5,f6 zu
schwächen, die weißen Felder c2,d3 zu festigen. Dies sollte dem Weißen die
dauerhafte Initiative zu gewährleisten.} (18. Nc4 Ba6 19. b3) 18... Ba6 (18...
Qc3 19. Qe7 Qxc2 20. Rae1 $36 Qxd3 $6 21. Rxe6 Bxe6 22. Qxe6+ Kh8 23. Ng5 $40)
19. Rae1 Rae8 20. Re2 {Das Feld e7 ist momentan die einzige erreichbare
Schwäche im schwarzen Lager.} Nc7 21. Rfe1 {[%mdl 32]} Rxe2 22. Rxe2 Nd5 $6 (
22... Re8 $142 23. Rxe8+ Nxe8 24. Qd8 Kf8 25. Qa5 (25. h3 Qc7 26. Qa8 Qb7)
25... Bc8 26. h3 $36) 23. h3 {/\Ng5} Qd7 $6 24. Ng5 (24. c4 $5 Nf6 25. d4 $36)
24... Nf6 (24... Nb4 25. Ndf3 Nxa2 26. Re6 Nb4 27. Rxd6 $18) 25. Re6 Bb5 $2 {
Schwarz übersah eien einfache taktische Aktion.} (25... Nh5 $5 26. Qe1 Nf6 27.
Re7 Re8 28. Rxe8+ Qxe8 29. Qxe8+ Nxe8 30. Ne6 $14) 26. Rxf6 $1 {[%mdl 64]} Rxf6
27. Nxh7 $1 $18 Re6 28. Nf6+ Rxf6 29. Qxf6 Qe8 30. Nf3 1-0

[Event "EU-ch 4th"]
[Site "Istanbul"]
[Date "2003.06.02"]
[Round "4"]
[White "Sulskis, Sarunas"]
[Black "Grigoriants, Sergey"]
[Result "1-0"]
[WhiteElo "2578"]
[BlackElo "2506"]
[Annotator "Bangiev,A"]
[PlyCount "57"]
[EventDate "2003.05.30"]
[EventType "swiss"]
[EventRounds "13"]
[EventCountry "TUR"]
[SourceTitle "CBM 096"]
[Source "ChessBase"]
[SourceDate "2003.09.25"]
[SourceVersion "1"]
[SourceVersionDate "2003.09.25"]
[SourceQuality "1"]

1. e4 c5 2. f4 d5 3. exd5 Qxd5 4. Nc3 Qd6 5. Nf3 Nf6 6. d4 a6 (6... cxd4 7.
Qxd4 (7. Nb5 Qd8 8. Qxd4 Bd7 9. Qe5 Bxb5 10. Qxb5+ Qd7 11. Ne5 Qxb5 12. Bxb5+
Nfd7 13. Be3 {1-0 Campora,D-Komljenovic,D/Sevilla 1999/(60)}) 7... Qe6+ 8. Qe3
Nc6 9. Bb5 a6 10. Ba4 b5 11. Bb3 Qxe3+ 12. Bxe3 e6 13. O-O-O Ng4 14. Bg1 Na5 {
1/2-1/2 Hickl,J-Rajkovic,D/Altensteig 1990/(43)}) (6... e6 7. Be3 Ng4 8. Qe2
Nxe3 9. Qxe3 cxd4 10. Nxd4 Qb6 11. O-O-O Be7 12. Bb5+ {1-0 Sveshnikov,E-Sax,G/
Ljubljana 1994/(28)}) 7. dxc5 $1 {[%mdl 8]} (7. Be3 cxd4 8. Qxd4 Qxd4 9. Bxd4
Nc6 10. Bxf6 exf6 11. Nd5 Nb4 12. Nc7+ Kd8 13. Nxa8 Nxc2+ 14. Kd2 Nxa1 15. Bd3
Bb4+ 16. Kc1 $14 {1-0 Langner,L-Teran Alvarez,I/Antwerp 1992/(20)}) 7... Qxc5
8. Qe2 g6 (8... Bg4 9. g3 (9. Be3 Qc6 10. O-O-O Nbd7 11. h3 Bxf3 12. gxf3 e6
13. f5 $5 $36) 9... Nc6 10. Be3 (10. Bg2 Nd4) 10... Qa5 11. Bg2 (11. O-O-O e6 {
/\Bb4}) 11... Ne4 12. O-O Nxc3 13. bxc3 Qxc3 14. Rab1 b5 15. Qf2 Bxf3 16. Bxf3
e6 17. f5 $36) 9. Be3 Qa5 $6 {Hier stellt die schwarze Dame ein Angriffsziel
für Weiß dar.} (9... Qc7 $142 {Da Schwarz im Moment keine Stützpunkte im
Zentrum hat, sollte er jegliche Aktivität vermeiden.} 10. O-O-O (10. h3 Bg7 11.
Qf2 O-O 12. O-O-O b5) 10... Bg7 11. Ne5 Nc6) 10. O-O-O Bg7 (10... Nc6 11. h3
Bg7 12. Qf2 O-O 13. g3 {/\Bb6} (13. g4 Be6 $132) (13. Bb6 Qb4 14. Qe3 Nd7)
13... Be6 14. Bb6 Qh5 (14... Qb4 $2 15. a3) 15. Be2 $36) 11. Ne5 Nbd7 (11...
Nc6 12. Nc4 Qc7 13. Nb6 Bg4 14. Nxa8 Qb8 15. Qe1 Bxd1 16. Nb6 Bg4 17. h3 Be6
18. g4 O-O 19. Bg2 $36) 12. Bd4 $1 (12. Nc4 $5 Qf5 (12... Qd8 $2 13. Bb6) (
12... Qc7 13. Nd6+ Kf8 14. Nxc8 Rxc8 15. g4 $14) 13. h3 O-O (13... h5 14. g3)
14. g4 Qe6 15. Bg2 $16) 12... O-O $2 {[%mdl 8192] Schwarz übersah in einer
schwierigen Stellung den ungedeckten Bauern auf e7} (12... h6 13. g3 Nc5 14.
Nc4 $16) (12... Nxe5 13. Qxe5 (13. fxe5 Bh6+ 14. Kb1 Bg4 $13) (13. Bxe5 $2 Bg4)
13... Qxe5 14. fxe5 Ng4 15. Nd5 O-O 16. Nc7 $16) 13. Nxd7 Bxd7 $5 {Ein u.U.
erzwungenes Figurenopfer} (13... Nxd7 14. Bxg7 Kxg7 15. Qxe7) 14. Bxf6 Bxf6 15.
Rxd7 Rfd8 16. Rxd8+ Rxd8 {Schwarz verfügt hier über ein aktives Spiel? Reicht
es aus?} 17. Qe1 Rc8 18. Bd3 {Eine kaltblütige Entscheidung, die die schwarze
Initiative zunichte machen sollte.} Rxc3 (18... Bxc3 19. bxc3 Qxa2 20. Kd2 $18)
19. bxc3 Bxc3 20. Qxe7 $18 Qxa2 21. Qxb7 Qa1+ 22. Qb1 Qa5 23. Rf1 Bd4 24. Qb3
Kg7 25. f5 gxf5 26. c3 Bxc3 27. Rxf5 Qa1+ 28. Kc2 Bf6 29. Rxf6 1-0